Statistics for Solve the Secret Country by 6 Clues in 60 Seconds #2

Click here to take the quiz!

General Stats

  • This quiz has been taken 2,828 times
    (2,783 since last reset)
  • The average score is 4 of 6

Answer Stats

Answer% Correct
2nd Clue - This country is a European country.
100%
3rd Clue - The flag of this country is tricolour.
98%
4th Clue - The official name of this country is "Republic of ...".
90%
5th Clue - This country is a member of the European Union.
68%
6th Clue - The name of capital of this country contains 3 vowels.
46%
THE ANSWER IS {LITHUANIA}.
36%

Score Distribution

Percentile by Number Answered

Percent of People with Each Score

Your Score History

You have not taken this quiz since the last reset